| 000 | 00727nam a2200217Ia 4500 | ||
|---|---|---|---|
| 003 | GCL | ||
| 008 | 140319s9999 xx 000 0 ara d | ||
| 020 | _a977601559X | ||
| 040 |
_aGCL / _cGCL |
||
| 082 | 0 | 4 |
_a613.2 _bس ت |
| 100 | 1 | _aسميرة احمد عبدالمجيد الشرنوبى | |
| 245 | 1 | 0 |
_aتغذية الفئات الحساسة / _cسميرة احمد عبدالمجيد الشرنوبى |
| 250 | _aالاولى | ||
| 260 |
_aالقاهرة : _bبستان المعرفة ، _c2003 |
||
| 300 |
_a181 ص ؛ _c24 سم |
||
| 650 | 0 | 4 | _aالتغذية |
| 650 | 0 | 4 | _aسوء التغذية |
| 650 | 0 | 4 | _aالاطفال - تغذية |
| 650 | 0 | 4 | _aالتغذية - الجوانب الصحية |
| 942 |
_2ddc _cBK |
||
| 999 |
_c6206 _d6206 |
||